[Event "GER-chT U20 Girls"]
[Site "Torgelow"]
[Date "2006.12.27"]
[Round "1.3"]
[White "Hoenecke, Judith"]
[Black "Schoettler, Katharina"]
[Result "1/2-1/2"]
[WhiteElo "1964"]
[BlackElo "1607"]
[PlyCount "91"]
[EventDate "2006.12.27"]
[EventType "team-swiss"]
[EventRounds "7"]
[EventCountry "GER"]
[SourceTitle "EXT 2008"]
[Source "ChessBase"]
[SourceDate "2007.11.25"]
[SourceVersion "1"]
[SourceVersionDate "2007.11.25"]
[SourceQuality "1"]
[WhiteTeam "Ruedersdorf Glueckauf U20 Girls"]
[BlackTeam "Brackel SF U20 Girls"]
[WhiteTeamCountry "GER"]
[BlackTeamCountry "GER"]

1. e4 e5 2. Nf3 Nc6 3. Bc4 Bc5 4. c3 Nf6 5. d3 a6 6. b4 Ba7 7. a4 d6 8. 0-0 0-0 9. Bb3 Bg4 10. Bg5 Re8 11. Nbd2 Qe7 12. Qc2 Rad8 13. Rfe1 h6 14. Bh4 g5 15. Bg3 Nh5 16. Kh1 Qf6 17. Rf1 Ne7 18. Ng1 Nf4 19. f3 Bd7 20. Bf2 Bxf2 21. Rxf2 Be6 22. Bxe6 Nxe6 23. Nf1 Ng6 24. Ne3 Ne7 25. Ne2 Nf4 26. Ng3 Ne6 27. Ng4 Qg6 28. Nh5 Rf8 29. Ng3 Rfe8 30. Nf5 h5 31. Nge3 Ng7 32. Nxe7+ Rxe7 33. Nd5 Red7 34. Ne3 f5 35. Qe2 Rf8 36. Raf1 c6 37. exf5 Nxf5 38. Nxf5 Qxf5 39. Qe4 Rdf7 40. Kg1 Qxe4 41. fxe4 Rxf2 42. Rxf2 Rxf2 43. Kxf2 Kf7 44. g4 h4 45. Ke3 Ke6 46. d4 1/2-1/2

[Event "GER-chT U20 Girls"]
[Site "Torgelow"]
[Date "2006.12.27"]
[Round "2.3"]
[White "Schoettler, Katharina"]
[Black "Ruedel, Anita"]
[Result "1/2-1/2"]
[WhiteElo "1607"]
[BlackElo "1549"]
[PlyCount "64"]
[EventDate "2006.12.27"]
[EventType "team-swiss"]
[EventRounds "7"]
[EventCountry "GER"]
[SourceTitle "EXT 2008"]
[Source "ChessBase"]
[SourceDate "2007.11.25"]
[SourceVersion "1"]
[SourceVersionDate "2007.11.25"]
[SourceQuality "1"]
[WhiteTeam "Brackel SF U20 Girls"]
[BlackTeam "Tamm 74 U20 Girls"]
[WhiteTeamCountry "GER"]
[BlackTeamCountry "GER"]

1. e4 e6 2. d4 d5 3. exd5 exd5 4. Nf3 Bd6 5. Bd3 Bg4 6. Be3 Nf6 7. Nbd2 0-0 8. c3 Nbd7 9. Qc2 Re8 10. 0-0-0 c6 11. h3 Be6 12. Ng5 Nf8 13. Rde1 b5 14. Nxe6 Rxe6 15. Bg5 h6 16. Be3 Qb6 17. g4 N6d7 18. h4 a5 19. h5 Qd8 20. Reg1 Re8 21. g5 hxg5 22. Bxg5 Be7 23. Nf3 Bxg5+ 24. Nxg5 Qf6 25. Kb1 Re7 26. h6 g6 27. Qd2 Nb6 28. Rh3 Nc4 29. Qc2 Raa7 30. Nf3 Kh7 31. Ng5+ Kg8 32. Rhh1 a4 1/2-1/2

[Event "GER-ch U18 Girls"]
[Site "Willingen"]
[Date "2006.06.09"]
[Round "9"]
[White "Schott, Peggy"]
[Black "Schoettler, Katharina"]
[Result "1/2-1/2"]
[WhiteElo "1600"]
[BlackElo "1655"]
[PlyCount "32"]
[EventDate "2006.06.03"]
[EventType "swiss"]
[EventRounds "9"]
[EventCountry "GER"]
[SourceTitle "EXT 2007"]
[Source "ChessBase"]
[SourceDate "2006.11.23"]
[SourceVersion "1"]
[SourceVersionDate "2006.11.23"]
[SourceQuality "1"]

1. d4 d5 2. c4 e6 3. Nc3 c6 4. Nf3 Nf6 5. Bg5 Nbd7 6. e3 Be7 7. Bd3 dxc4 8. Bxc4 b5 9. Bd3 a6 10. a3 c5 11. Bc2 Bb7 12. 0-0 h6 13. Bh4 Nd5 14. Bxe7 Qxe7 15. Nxd5 Bxd5 16. dxc5 Nxc5 1/2-1/2

[Event "Dortmund op-B"]
[Site "Dortmund"]
[Date "2005.07.11"]
[Round "4"]
[White "Babczyk, Daniel"]
[Black "Schoettler, Katharina"]
[Result "0-1"]
[WhiteElo "1340"]
[BlackElo "1575"]
[PlyCount "120"]
[EventDate "2005.07.08"]
[EventType "swiss"]
[EventRounds "9"]
[EventCountry "GER"]
[SourceTitle "CBM 107 Extra"]
[Source "ChessBase"]
[SourceDate "2005.09.01"]
[SourceVersion "1"]
[SourceVersionDate "2005.09.01"]
[SourceQuality "1"]

1. e4 c5 2. Nc3 e6 3. Bc4 Nc6 4. Nf3 a6 5. a4 Qc7 6. b3 Nf6 7. Bb2 Be7 8. 0-0 0-0 9. Re1 d6 10. d4 cxd4 11. Nxd4 Rd8 12. Nxc6 bxc6 13. Ba3 d5 14. Bxe7 Qxe7 15. exd5 cxd5 16. Bd3 Qc5 17. Ne2 a5 18. Nf4 Ba6 19. Qe2 Bxd3 20. Nxd3 Qc3 21. Rac1 Rdc8 22. f3 Nd7 23. Ne5 Qxe5 24. Qxe5 Nxe5 25. Rxe5 Rc3 26. Kf1 Rac8 27. Re2 Kf8 28. Ke1 Ke7 29. Kd2 Kd6 30. Re3 Rxe3 31. Kxe3 e5 32. Kd3 d4 33. c3 Rxc3+ 34. Rxc3 dxc3 35. Kxc3 Kc5 36. g3 f5 37. h4 h5 38. b4+ axb4+ 39. Kb3 g6 40. a5 Kb5 41. a6 Kxa6 42. Kxb4 Kb6 43. Kc4 Kc6 44. Kd3 Kd5 45. Ke3 Kc4 46. f4 e4 47. Kd2 Kd4 48. Ke1 Ke3 49. Kf1 Kf3 50. Ke1 Kxg3 51. Ke2 Kxf4 52. Kf2 Kg4 53. Ke3 Kxh4 54. Kf4 g5+ 55. Ke3 Kg3 56. Ke2 Kg2 57. Ke3 h4 58. Ke2 h3 59. Ke3 h2 60. Ke2 h1Q 0-1

[Event "Dortmund op-B"]
[Site "Dortmund"]
[Date "2004.07.24"]
[Round "2"]
[White "Schoettler, Katharina"]
[Black "Friedel, Roland"]
[Result "1/2-1/2"]
[WhiteElo "1587"]
[BlackElo "1330"]
[PlyCount "53"]
[EventDate "2004.07.??"]
[EventType "swiss"]
[EventRounds "9"]
[EventCountry "GER"]
[SourceTitle "EXT 2006"]
[Source "ChessBase"]
[SourceDate "2005.11.24"]
[SourceVersion "1"]
[SourceVersionDate "2005.11.24"]
[SourceQuality "1"]

1. e4 e6 2. d4 d5 3. exd5 exd5 4. Nf3 Bg4 5. Bd3 Nf6 6. Bg5 Be7 7. 0-0 0-0 8. Nbd2 Re8 9. Re1 Nbd7 10. c3 a6 11. Qc2 g6 12. h3 Bxf3 13. Nxf3 Kg7 14. Re2 Bd6 15. Rae1 Rxe2 16. Rxe2 c6 17. Ne5 Qc7 18. Nxd7 Qxd7 19. Qd2 Ng8 20. Kf1 Re8 21. Rxe8 Qxe8 22. Qe2 Qd7 23. Qd2 Be7 24. Bf4 Bd6 25. Be3 Qc7 26. b3 Be7 27. Bf4 1/2-1/2

[Event "NRW-ch U16/18 Girls"]
[Site "Wolfsburg"]
[Date "2004.04.13"]
[Round "2"]
[White "Fachadas Lehnen, Sara"]
[Black "Schoettler, Katharina"]
[Result "1/2-1/2"]
[WhiteElo "1305"]
[BlackElo "1597"]
[PlyCount "68"]
[EventDate "2004.04.??"]
[EventType "swiss"]
[EventRounds "7"]
[EventCountry "GER"]
[SourceTitle "EXT 2005"]
[Source "ChessBase"]
[SourceDate "2004.11.15"]
[SourceVersion "1"]
[SourceVersionDate "2004.11.15"]
[SourceQuality "1"]

1. e4 e5 2. Nf3 Nc6 3. Bc4 Bc5 4. b4 Bxb4 5. c3 Ba5 6. 0-0 Nf6 7. d3 0-0 8. Ba3 d6 9. Qb3 h6 10. Nbd2 Bb6 11. Rae1 Bg4 12. Bb2 Bxf3 13. Nxf3 Na5 14. Qa4 Nxc4 15. Qxc4 Re8 16. Kh1 Qd7 17. Nh4 Rad8 18. f4 Ng4 19. d4 exd4 20. cxd4 d5 21. exd5 Rxe1 22. Rxe1 Qxd5 23. Qxd5 Rxd5 24. Nf3 Nf2+ 25. Kg1 Nd3 26. Re8+ Kh7 27. Bc3 Nxf4 28. Re7 f6 29. Re3 Rd7 30. Re4 Kg6 31. Rxf4 Rd5 32. Kf1 Ba5 33. Bb2 Bb4 34. Nh4+ Kf7 1/2-1/2

[Event "Dortmund op-B"]
[Site "Dortmund"]
[Date "2003.08.06"]
[Round "5"]
[White "Schoettler, Katharina"]
[Black "Savchenko, Aleksij"]
[Result "1/2-1/2"]
[WhiteElo "1402"]
[BlackElo "1830"]
[PlyCount "82"]
[EventDate "2003.08.01"]
[EventType "swiss"]
[EventRounds "9"]
[EventCountry "GER"]
[SourceTitle "CBM 095 Extra"]
[Source "ChessBase"]
[SourceDate "2003.09.04"]
[SourceVersion "1"]
[SourceVersionDate "2003.09.04"]
[SourceQuality "1"]

1. e4 e5 2. Nf3 Nf6 3. Nc3 Bb4 4. Bc4 Nc6 5. d3 d5 6. exd5 Nxd5 7. Bd2 Bxc3 8. Bxc3 Nxc3 9. bxc3 Bg4 10. h3 Bh5 11. Qe2 0-0 12. 0-0 Re8 13. Qe4 Bg6 14. Qd5 Qf6 15. Rfe1 Rad8 16. Qb5 e4 17. Nd2 exd3 18. Rxe8+ Rxe8 19. Bxd3 Qxc3 20. Rd1 Bxd3 21. cxd3 Qb4 22. Qd5 Rd8 23. Qf5 g6 24. Qe4 Qxe4 25. dxe4 Ne5 26. Kf1 Nc4 27. Ke2 Rxd2+ 28. Rxd2 Nxd2 29. Kxd2 f6 30. f4 Kf7 31. Kd3 Ke6 32. g4 f5 33. exf5+ gxf5 34. g5 c5 35. Kc4 b6 36. h4 Kf7 37. h5 Ke6 38. h6 Kf7 39. a4 Kg6 40. a5 Kf7 41. axb6 axb6 1/2-1/2

[Event "NRW-ch U14 Girls"]
[Site "Kranenburg"]
[Date "2003.04.25"]
[Round "6"]
[White "Schoettler, Katharina"]
[Black "Karmann, Anna"]
[Result "1-0"]
[WhiteElo "1382"]
[BlackElo "1319"]
[PlyCount "129"]
[EventDate "2003.04.??"]
[EventType "swiss"]
[EventRounds "7"]
[EventCountry "GER"]
[SourceTitle "EXT 2005"]
[Source "ChessBase"]
[SourceDate "2004.11.15"]
[SourceVersion "1"]
[SourceVersionDate "2004.11.15"]
[SourceQuality "1"]

1. e4 e5 2. Nf3 Nc6 3. Bc4 Bc5 4. c3 Nf6 5. d4 exd4 6. e5 d5 7. Bb5 Nd7 8. Bxc6 bxc6 9. cxd4 Bb4+ 10. Bd2 Bxd2+ 11. Nbxd2 c5 12. Nb3 c4 13. Na5 c5 14. Qa4 Qb6 15. b3 cxb3 16. Nxb3 0-0 17. dxc5 Nxc5 18. Nxc5 Qxc5 19. 0-0 Rb8 20. Rab1 Bf5 21. Rbc1 Qe7 22. Nd4 Qd7 23. Qxd7 Bxd7 24. Rc7 Bb5 25. Nxb5 Rxb5 26. Rxa7 Rd8 27. f4 d4 28. Rd1 Rb2 29. Rxd4 Rb1+ 30. Kf2 Rb2+ 31. Ke3 Rf8 32. Rd2 Rb1 33. Rad7 h6 34. Rd8 Rh1 35. h3 Rg1 36. Kf2 Ra1 37. f5 Rc1 38. Rxf8+ Kxf8 39. Rd8+ Ke7 40. Ra8 Rc7 41. g4 Rc2+ 42. Kg3 Rc3+ 43. Kg2 Rc2+ 44. Kf1 Rh2 45. Ra3 Rh1+ 46. Ke2 Rh2+ 47. Kd1 Rh1+ 48. Ke2 Rh2+ 49. Kf1 Rh1+ 50. Kg2 Re1 51. Kf3 Rh1 52. Ke4 Re1+ 53. Re3 Ra1 54. a3 Ra2 55. Rc3 Re2+ 56. Kd5 Kd7 57. Kd4 Re1 58. Re3 Ra1 59. e6+ fxe6 60. fxe6+ Ke7 61. Ke5 Rb1 62. Kf5 Rb7 63. Kg6 Ke8 64. e7 h5 65. gxh5 1-0

[Event "Dortmund Dreikoenig-M"]
[Site "Dortmund"]
[Date "2003.01.06"]
[Round "9"]
[White "Zeldin, Leonid"]
[Black "Schoettler, Katharina"]
[Result "1/2-1/2"]
[WhiteElo "1581"]
[BlackElo "1387"]
[PlyCount "60"]
[EventDate "2003.01.??"]
[EventType "tourn"]
[EventRounds "9"]
[EventCountry "GER"]
[SourceTitle "EXT 2005"]
[Source "ChessBase"]
[SourceDate "2004.11.15"]
[SourceVersion "1"]
[SourceVersionDate "2004.11.15"]
[SourceQuality "1"]

1. e4 e5 2. Nf3 Nc6 3. Bb5 a6 4. Bxc6 dxc6 5. 0-0 f6 6. d4 exd4 7. Nxd4 c5 8. Nf3 Qxd1 9. Rxd1 Bd6 10. Nc3 Ne7 11. h3 0-0 12. b3 b6 13. Bb2 Bb7 14. Re1 Rfe8 15. Rad1 Rad8 16. a4 Bc6 17. Nd5 Nxd5 18. exd5 Rxe1+ 19. Nxe1 Bb7 20. c4 c6 21. Nc2 Bf4 22. g3 Bh6 23. f4 cxd5 24. Ne3 d4 25. Nf5 Be4 26. Nxh6+ gxh6 27. Rd2 h5 28. Bc1 Bf5 29. Kh2 Re8 30. Rg2 Be4 1/2-1/2

[Event "Dortmund Dreikoenig-M"]
[Site "Dortmund"]
[Date "2003.01.05"]
[Round "7"]
[White "Heyden, Jonas"]
[Black "Schoettler, Katharina"]
[Result "1-0"]
[WhiteElo "1622"]
[BlackElo "1387"]
[PlyCount "109"]
[EventDate "2003.01.??"]
[EventType "tourn"]
[EventRounds "9"]
[EventCountry "GER"]
[SourceTitle "EXT 2005"]
[Source "ChessBase"]
[SourceDate "2004.11.15"]
[SourceVersion "1"]
[SourceVersionDate "2004.11.15"]
[SourceQuality "1"]

1. d4 d5 2. c4 Nf6 3. Nf3 c6 4. Nc3 Bg4 5. Bg5 Nbd7 6. e3 e6 7. Be2 dxc4 8. Bxc4 Be7 9. 0-0 0-0 10. h3 Bh5 11. a3 h6 12. Bh4 Nd5 13. Bg3 Bg6 14. Rc1 Bh5 15. b4 N7f6 16. Be2 b6 17. Qb3 Nxc3 18. Qxc3 Rc8 19. Qb2 c5 20. Ba6 Rc6 21. Bb7 Bxf3 22. gxf3 Qd7 23. Bxc6 Qxc6 24. dxc5 Qxf3 25. cxb6 axb6 26. Qd4 Ne4 27. Qd1 Qf5 28. Qg4 Nxg3 29. fxg3 Qd3 30. Qd4 Qxa3 31. Qxb6 Bxb4 32. Ra1 Qc3 33. Rfc1 Qd2 34. Qd4 Rb8 35. Rab1 Qxd4 36. exd4 Rb6 37. Rc4 Bc5 38. Rxb6 Bxb6 39. Kg2 Kf8 40. Kf3 Ke7 41. Ke4 Kd6 42. Rc8 f5+ 43. Kd3 g5 44. Rh8 Kd5 45. Rxh6 Bxd4 46. Rg6 e5 47. Rxg5 Bf2 48. Ke2 Bd4 49. Rxf5 Ke4 50. Rf1 Bc5 51. h4 Be7 52. h5 Bg5 53. Rh1 Bh6 54. Rf1 Bg5 55. g4 1-0

[Event "Dortmund Dreikoenig-M"]
[Site "Dortmund"]
[Date "2003.01.04"]
[Round "5"]
[White "Gorval, Eugen"]
[Black "Schoettler, Katharina"]
[Result "0-1"]
[WhiteElo "1274"]
[BlackElo "1387"]
[PlyCount "46"]
[EventDate "2003.01.??"]
[EventType "tourn"]
[EventRounds "9"]
[EventCountry "GER"]
[SourceTitle "EXT 2005"]
[Source "ChessBase"]
[SourceDate "2004.11.15"]
[SourceVersion "1"]
[SourceVersionDate "2004.11.15"]
[SourceQuality "1"]

1. e4 e5 2. Nf3 Nc6 3. Bc4 Bc5 4. c3 Nf6 5. d4 exd4 6. cxd4 Bb4+ 7. Bd2 Bxd2+ 8. Nbxd2 Nxe4 9. Bxf7+ Kxf7 10. Nxe4 Re8 11. Nfg5+ Qxg5 12. Qf3+ Qf6 13. 0-0 Qxf3 14. Ng5+ Kg8 15. Nxf3 d6 16. a3 Bg4 17. Rad1 Re4 18. d5 Ne5 19. Ng5 Bxd1 20. Nxe4 Bb3 21. Nc3 a6 22. Re1 Re8 23. f4 Nf3+ 0-1

[Event "NRW-ch U14 Girls"]
[Site "Winterberg"]
[Date "2002.04.02"]
[Round "3"]
[White "Fachadas Lehnen, Sara"]
[Black "Schoettler, Katharina"]
[Result "0-1"]
[WhiteElo "993"]
[BlackElo "1236"]
[PlyCount "56"]
[EventDate "2002.04.01"]
[EventType "swiss"]
[EventRounds "7"]
[EventCountry "GER"]
[SourceTitle "EXT 2003"]
[Source "ChessBase"]
[SourceDate "2002.11.25"]
[SourceVersion "1"]
[SourceVersionDate "2002.11.25"]
[SourceQuality "1"]

1. e4 e5 2. Nf3 Nc6 3. Bc4 Bc5 4. d3 Nf6 5. Nc3 d6 6. h3 h6 7. Be3 Bb6 8. 0-0 Be6 9. Bb3 0-0 10. d4 exd4 11. Nxd4 Nxd4 12. Bxd4 c5 13. Be3 c4 14. Ba4 Bxe3 15. fxe3 a6 16. Qf3 b5 17. Rf2 bxa4 18. Raf1 d5 19. Qg3 Nxe4 20. Nxe4 dxe4 21. Rf4 Qd6 22. Qh4 Rab8 23. Rxe4 Rxb2 24. Rf3 Bd5 25. Rg3 Rb1+ 26. Kf2 Qf6+ 27. Ke2 Qf1+ 28. Kd2 Qe1# 0-1